ADVANCED ACCOUNTING. (Record no. 216947)

MARC details
000 -LEADER
fixed length control field 00490nam a22001697a 4500
008 - FIXED-LENGTH DATA ELEMENTS--GENERAL INFORMATION
fixed length control field 260414b |||||||| |||| 00| 0 eng d
020 ## - INTERNATIONAL STANDARD BOOK NUMBER
International Standard Book Number 978-81-203-3919-4
050 ## - LIBRARY OF CONGRESS CALL NUMBER
Classification number HF 5635 .B67 2010 V.1
100 ## - MAIN ENTRY--PERSONAL NAME
Personal name BOSE, D. CHANDRA
245 ## - TITLE STATEMENT
Title ADVANCED ACCOUNTING.
260 ## - PUBLICATION, DISTRIBUTION, ETC.
Place of publication, distribution, etc. NEW DELHI,
Name of publisher, distributor, etc. PHI LEARNING PRIVATE LIMITED,
Date of publication, distribution, etc. 2010.
300 ## - PHYSICAL DESCRIPTION
Extent XIII, 710 P, ILL
500 ## - GENERAL NOTE
General note INCLUDES INDEX
650 ## - SUBJECT ADDED ENTRY
Topical term or geographic name entry element 1. ACCOUNTING 2. FINANCIAL STATEMENTS.
942 ## - ADDED ENTRY ELEMENTS (KOHA)
Source of classification or shelving scheme Library of Congress Classification
Koha item type Long Loan Book
Holdings
Withdrawn status Lost status Source of classification or shelving scheme Damaged status Not for loan Collection Home library Current library Shelving location Date acquired Inventory number Total checkouts Full call number Barcode Date last seen Copy number Price effective from Koha item type
    Library of Congress Classification     Business & Economics Kisii University Library Kisii University Library On Display 04/14/2026 112762   HF 5635 .B67 2010 V.1 a001285 04/14/2026 1 04/14/2026 Long Loan Book
    Library of Congress Classification     Business & Economics Kisii University Library Kisii University Library On Display 04/14/2026 112763   HF 5635 .B67 2010 V.1 a001289 04/14/2026 2 04/14/2026 Long Loan Book
    Library of Congress Classification     Business & Economics Kisii University Library Kisii University Library On Display 04/14/2026 112764   HF 5635 .B67 2010 V.1 a001280 04/14/2026 3 04/14/2026 Long Loan Book
    Library of Congress Classification     Business & Economics Kisii University Library Kisii University Library On Display 04/14/2026 112765   HF 5635 .B67 2010 V.1 a001533 04/14/2026 4 04/14/2026 Long Loan Book